000 00296nam a22001337a 4500
020 _a0-380-71914-2
082 _a823
_bREE/G
100 _aREEDER, CAROLYN
245 _aGRANDPA'S MOUNTAIN
260 _aNEW YORK
_bAVON BOOKS
_c1993
300 _a171
650 _aNOVEL
_zUNITED STATES
942 _cBK
999 _c3838
_d3838